[Event "Deutsche Ländermeisterschaft 2013"]
[Site "Hannover GER"]
[Date "2013.10.02"]
[Round "1"]
[White "Wiesner, Paula"]
[Black "Lagunow, Elina"]
[Result "1-0"]
[Termination "normal"]
[Board "6.5"]
[WhiteTitle "14w"]
[BlackTitle "16w"]
[WhiteElo "1855"]
[BlackElo "1736"]
[WhiteTeam "Baden"]
[BlackTeam "Berlin"]
[WhiteFideId "24654019"]
[BlackFideId "4673387"]
[EventCountry "GER"]
[EventRounds "7"]
[EventType "team-swiss"]
[EventDate "2013.10.02"]

1. e4 c5 2. c3 Nf6 3. e5 Nd5 4. d4 cxd4 5. Nf3 Nc6 6. Bc4 Nb6 7. Bb3 d6 8. exd6
Qxd6 9. O-O e6 10. cxd4 Be7 11. Nc3 O-O 12. Be3 Rd8 13. Qd2 Na5 14. Bc2 Nac4
15. Qd3 g6 16. b3 Nxe3 17. fxe3 Nd7 18. e4 b6 19. Qe3 Ba6 20. Rf2 Rac8 21. e5
Qc7 22. Ne4 Bb7 23. Nfg5 Bxe4 24. Nxe4 Kg7 25. Raf1 Rf8 26. Bd3 Rcd8 27. Nf6
Nxe5 28. dxe5 Bc5 29. Qh3 Bxf2+ 30. Rxf2 Qc1+ 31. Rf1 Qc5+ 32. Kh1 h6 33. Qg3
Qc3 34. Nh5+ Kh8 35. Qf4 1-0

[Event "Deutsche Ländermeisterschaft 2013"]
[Site "Hannover GER"]
[Date "2013.10.02"]
[Round "1"]
[White "Schnabel, Bennett"]
[Black "Weis, Olga"]
[Result "1-0"]
[Termination "normal"]
[Board "6.6"]
[WhiteTitle "12"]
[BlackTitle "14w"]
[WhiteElo "1713"]
[BlackElo "1730"]
[WhiteTeam "Berlin"]
[BlackTeam "Baden"]
[WhiteFideId "12943290"]
[BlackFideId "1270234"]
[EventCountry "GER"]
[EventRounds "7"]
[EventType "team-swiss"]
[EventDate "2013.10.02"]

1. d4 d5 2. Nf3 Nf6 3. e3 e6 4. Bd3 c5 5. c3 Nc6 6. O-O Bd6 7. Nbd2 O-O 8. e4
dxe4 9. Nxe4 cxd4 10. Nxf6+ gxf6 11. Nxd4 Ne5 12. Bh6 Re8 13. Re1 Kh8 14. Bc2
Rg8 15. h3 Bd7 16. Qh5 f5 17. Rad1 Qc7 18. Bg5 Rg6 19. Qh4 Bf8 20. Bf6+ Bg7 21.
Bxg7+ Rxg7 22. Qf4 f6 23. Kf1 Qc4+ 24. Re2 Nc6 25. Bb3 Qa6 26. Nxe6 Bxe6 27.
Bxe6 Re7 28. Qxf5 Rf8 29. Rde1 Nd8 30. Bb3 Rfe8 31. c4 Rxe2 32. Rxe2 Rxe2 33.
Kxe2 Qd6 34. Qd3 Qe5+ 35. Kf1 Nc6 36. Bc2 Qe7 37. Qe4 Qf7 38. Bb3 Na5 39. Qd5
Qc7 40. Qe6 Kg7 41. Qg4+ Kh8 42. Qf5 Kg7 43. Bc2 Qxc4+ 44. Kg1 Qb4 45. Qxh7+
Kf8 46. Qh6+ Ke7 47. Qg7+ Ke6 48. Qg4+ Qxg4 49. hxg4 1-0

[Event "Deutsche Ländermeisterschaft 2013"]
[Site "Hannover GER"]
[Date "2013.10.02"]
[Round "1"]
[White "Wiesner, Alexander"]
[Black "Koch, Elisabeth"]
[Result "1-0"]
[Termination "normal"]
[Board "6.7"]
[WhiteTitle "12"]
[BlackTitle "16w"]
[WhiteElo "1649"]
[BlackElo "1691"]
[WhiteTeam "Baden"]
[BlackTeam "Berlin"]
[WhiteFideId "12943991"]
[BlackFideId "24695068"]
[EventCountry "GER"]
[EventRounds "7"]
[EventType "team-swiss"]
[EventDate "2013.10.02"]

1. e4 e5 2. Nf3 Nc6 3. d4 exd4 4. Nxd4 Nf6 5. Nc3 Bb4 6. Nxc6 bxc6 7. Bd3 O-O
8. O-O d5 9. exd5 cxd5 10. Bg5 c6 11. Ne2 Re8 12. c3 Bd6 13. Qd2 h6 14. Bf4 Ne4
15. Bxe4 Rxe4 16. Bxd6 Qxd6 17. Ng3 Re6 18. Rfe1 Ba6 19. Nf5 Qd7 20. Nd4 Rxe1+
21. Rxe1 Re8 22. Re3 Kf8 23. Qe1 Bb7 24. Rxe8+ Qxe8 25. Qxe8+ Kxe8 26. Nf5 Kf8
27. b4 Bc8 28. Nd4 Bd7 29. Kf1 Ke7 30. Ke2 Kd6 31. Nb3 Bc8 32. Ke3 g5 33. Kd4
Ba6 34. Nd2 f5 35. Nf3 Bc8 36. h4 g4 37. Ne5 Be6 38. g3 h5 39. a3 Bg8 40. Nd3
Be6 41. Ke3 Bf7 42. Kf4 Ke6 $11 43. Kg5 Be8 44. Kf4 Bf7 45. Ne1 Kf6 46. Nd3 Ke6
47. Ke3 Kd6 48. Kd4 Be6 49. Nc5 Bc8 50. a4 Be6 51. Nxe6 Kxe6 52. Kc5 Ke5 53.
Kxc6 Ke4 54. b5 Kf3 55. a5 Kxf2 56. b6 axb6 57. axb6 Kxg3 58. b7 Kxh4 1-0

[Event "Deutsche Ländermeisterschaft 2013"]
[Site "Hannover GER"]
[Date "2013.10.02"]
[Round "1"]
[White "Schnabel, Luise"]
[Black "Lohrmann, Tabea"]
[Result "0-1"]
[Termination "normal"]
[Board "6.8"]
[WhiteTitle "12w"]
[BlackTitle "12w"]
[WhiteElo "1417"]
[BlackElo "1547"]
[WhiteTeam "Berlin"]
[BlackTeam "Baden"]
[WhiteFideId "12943347"]
[BlackFideId "12911941"]
[EventCountry "GER"]
[EventRounds "7"]
[EventType "team-swiss"]
[EventDate "2013.10.02"]

1. e4 e5 2. Nf3 Nc6 3. Bc4 Bc5 4. O-O Nf6 5. d3 O-O 6. c3 d5 7. exd5 Nxd5 8.
Nbd2 Nf4 9. Ne4 Bd6 10. Bxf4 exf4 11. d4 Bf5 12. Re1 h6 13. Qa4 a6 14. Bd5 b5
15. Qc2 Qd7 16. a4 Rab8 17. Bxc6 Qxc6 18. Nf6+ gxf6 19. Qxf5 Kg7 20. d5 Qc5 21.
Nd4 Rg8 22. Qh5 Kh7 23. Qxf7+ Rg7 24. Qxf6 Qxd5 25. Re6 Qxg2# 0-1

[Event "Deutsche Ländermeisterschaft 2013"]
[Site "Hannover GER"]
[Date "2013.10.02"]
[Round "1"]
[White "Kololli, Martin"]
[Black "Powierski, Emil"]
[Result "0-1"]
[Termination "normal"]
[Board "7.1"]
[WhiteTitle "14"]
[BlackTitle "18"]
[WhiteElo "1988"]
[BlackElo "2210"]
[WhiteTeam "Team Nord"]
[BlackTeam "Schleswig-Holstein"]
[WhiteFideId "12936910"]
[BlackFideId "4656199"]
[EventCountry "GER"]
[EventRounds "7"]
[EventType "team-swiss"]
[EventDate "2013.10.02"]

1. e4 c5 2. c3 d5 3. exd5 Qxd5 4. d4 Nc6 5. Nf3 Bf5 6. Be3 Nf6 7. Na3 cxd4 8.
Bc4 Qd7 9. Nxd4 Nxd4 10. Bxd4 O-O-O 11. Bxa7 Qc6 12. Qf3 Be4 13. Qg3 e5 14. Bb5
Qd5 15. Qh3+ Kc7 16. O-O Bxa3 17. c4 Qd3 18. bxa3 Qxh3 19. gxh3 Rd2 20. c5 Nd5
21. Rad1 Nf4 22. Bb6+ Kb8 23. f3 Nxh3+ 24. Kh1 Rxd1 25. fxe4 Rxf1+ 26. Bxf1
Nf2+ 27. Kg2 Nxe4 28. Bc4 f5 29. Be6 g6 30. a4 Re8 31. Bd7 Re7 32. Bb5 Kc8 33.
a5 Nc3 34. Bc4 Na4 35. Bb5 Nxb6 36. axb6 e4 37. a4 Re5 38. c6 bxc6 39. Bxc6 Re6
0-1

[Event "Deutsche Ländermeisterschaft 2013"]
[Site "Hannover GER"]
[Date "2013.10.02"]
[Round "1"]
[White "Krause, Benedict"]
[Black "Celmer, Ole"]
[Result "1-0"]
[Termination "normal"]
[Board "7.2"]
[WhiteTitle "16"]
[BlackTitle "20"]
[WhiteElo "2142"]
[BlackElo "1908"]
[WhiteTeam "Schleswig-Holstein"]
[BlackTeam "Team Nord"]
[WhiteFideId "12917990"]
[BlackFideId "24657107"]
[EventCountry "GER"]
[EventRounds "7"]
[EventType "team-swiss"]
[EventDate "2013.10.02"]

1. e4 e5 2. Nf3 Nc6 3. d4 exd4 4. Nxd4 Nf6 5. Nxc6 bxc6 6. e5 Qe7 7. Qe2 Nd5 8.
c4 Ba6 9. Nd2 g6 10. Nf3 Bg7 11. Bg5 f6 12. exf6 Qxe2+ 13. Bxe2 Nxf6 14. Bd3
O-O 15. O-O-O Ng4 16. Rhf1 Bb7 17. h3 Ne5 18. Nxe5 Bxe5 19. f4 Bf6 20. Bxf6
Rxf6 21. f5 Raf8 22. g4 gxf5 23. Rxf5 h6 24. h4 d5 25. Rxf6 Rxf6 26. g5 hxg5
27. hxg5 Rf3 28. Kc2 Bc8 29. Re1 Bf5 30. Bxf5 Rxf5 31. Re7 Rxg5 32. Rxc7 dxc4
33. Rxa7 Kf8 34. Rd7 Ke8 35. Rd4 c5 36. Rd2 Rg4 37. Rd5 Ke7 38. Kc3 Rg2 39.
Rxc5 1-0

[Event "Deutsche Ländermeisterschaft 2013"]
[Site "Hannover GER"]
[Date "2013.10.02"]
[Round "1"]
[White "Beeck, Mats"]
[Black "Kololli, Kevin"]
[Result "1/2-1/2"]
[Termination "normal"]
[Board "7.3"]
[WhiteTitle "16"]
[BlackTitle "14"]
[WhiteElo "1832"]
[BlackElo "1976"]
[WhiteTeam "Team Nord"]
[BlackTeam "Schleswig-Holstein"]
[WhiteFideId "12936944"]
[BlackFideId "12936863"]
[EventCountry "GER"]
[EventRounds "7"]
[EventType "team-swiss"]
[EventDate "2013.10.02"]

1. d4 Nf6 2. c4 c5 3. d5 b5 4. cxb5 a6 5. bxa6 Bxa6 6. Nc3 d6 7. Nf3 g6 8. e4
Bxf1 9. Kxf1 Nbd7 10. g3 Bg7 11. Kg2 O-O 12. Qe2 Qb6 13. a4 Rfb8 14. Nb5 Ne8
15. Bg5 f6 16. Be3 Nc7 17. Nxc7 Qxc7 18. Rhb1 Rb4 19. Qc2 Nb6 20. Nd2 Raxa4 21.
Rxa4 Nxa4 22. Nc4 Nb6 23. b3 Nxc4 24. bxc4 Qb6 25. Rxb4 Qxb4 26. Qa2 Kf7 27.
Bd2 Qb7 28. Bc3 1/2-1/2

[Event "Deutsche Ländermeisterschaft 2013"]
[Site "Hannover GER"]
[Date "2013.10.02"]
[Round "1"]
[White "Schwarzat, Julian"]
[Black "Mieck, Jale"]
[Result "1-0"]
[Termination "normal"]
[Board "7.4"]
[WhiteTitle "20"]
[BlackTitle "18"]
[WhiteElo "2021"]
[BlackElo "1678"]
[WhiteTeam "Schleswig-Holstein"]
[BlackTeam "Team Nord"]
[WhiteFideId "24675857"]
[BlackFideId "12936871"]
[EventCountry "GER"]
[EventRounds "7"]
[EventType "team-swiss"]
[EventDate "2013.10.02"]

1. e4 c5 2. Nf3 d6 3. d3 Nc6 4. Nbd2 g6 5. g3 Bg7 6. Bg2 Rb8 7. O-O e6 8. Re1
Nge7 9. c3 O-O 10. Nf1 b5 11. d4 cxd4 12. cxd4 d5 13. e5 Qb6 14. b3 a5 15. h4
Ba6 16. N1h2 Nf5 17. Bb2 Rfc8 18. g4 Nfe7 19. h5 Nb4 20. Re2 Rc7 21. a3 Nd3 22.
Qxd3 b4 23. Qd2 Rbc8 24. Ne1 Bxe2 25. Qxe2 Nc6 26. Qe3 bxa3 27. Bxa3 Rb8 28.
Bd6 Rcb7 29. Bxb8 Rxb8 30. Nhf3 Qxb3 31. hxg6 hxg6 32. Qxb3 Rxb3 33. Kf1 Rb4
34. Rd1 a4 35. Nc2 Rc4 36. Na3 Rb4 37. Rb1 Bf8 38. Rxb4 Bxb4 39. Nc2 a3 40. Ke2
a2 41. Kd3 Na5 42. Nd2 f6 43. exf6 g5 44. Na1 Kf7 45. Ndb3 Kxf6 46. Nxa5 Bxa5
47. Kc2 e5 48. Bxd5 exd4 49. Bxa2 Ke5 50. Kd3 Kf4 51. Be6 Kf3 52. Nb3 Bd8 53.
Nxd4+ Kxf2 54. Ke4 Be7 55. Bd5 Bf6 56. Nf3 Kg3 57. Kf5 Bd8 58. Nxg5 Kh4 59. Nh7
Bc7 60. Be6 Bd8 61. Nf6 Be7 62. g5 Bf8 63. Ne8 Kh5 64. Bf7+ Kh4 65. Bd5 Kh5 66.
Bf3+ Kh4 67. g6 Kg3 68. Bd1 Kh4 69. Kf6 Bh6 70. Nd6 Bf8 71. Nf5+ 1-0

[Event "Deutsche Ländermeisterschaft 2013"]
[Site "Hannover GER"]
[Date "2013.10.02"]
[Round "1"]
[White "Edel, Fenja"]
[Black "Polert, Annika"]
[Result "0-1"]
[Termination "normal"]
[Board "7.5"]
[WhiteTitle "16w"]
[BlackTitle "18w"]
[WhiteElo "1636"]
[BlackElo "1842"]
[WhiteTeam "Team Nord"]
[BlackTeam "Schleswig-Holstein"]
[WhiteFideId "24696749"]
[BlackFideId "24692328"]
[EventCountry "GER"]
[EventRounds "7"]
[EventType "team-swiss"]
[EventDate "2013.10.02"]

1. e4 c5 2. Nc3 Nc6 3. f4 e6 4. Nf3 Nge7 5. Bb5 d6 6. d3 g6 7. O-O Bg7 8. Bxc6+
Nxc6 9. Qe1 O-O 10. Qg3 Rb8 11. a3 b5 12. Qh3 a5 13. Rb1 b4 14. axb4 axb4 15.
Ne2 b3 16. c3 f5 17. exf5 exf5 18. Ra1 Re8 19. Re1 d5 20. Nd2 d4 21. Nf3 dxc3
22. Nxc3 Rxe1+ 23. Nxe1 Bxc3 24. bxc3 b2 25. Bxb2 Rxb2 26. Qe3 Qe7 27. Qxe7
Nxe7 28. Ra7 Rb7 29. Ra5 c4 30. d4 Be6 31. Re5 Bd5 32. Nc2 Rb1+ 33. Kf2 Rb2 34.
Re2 Be4 35. Ne3 Rxe2+ 36. Kxe2 Bd3+ 37. Kf3 Kf7 38. g3 Ke6 39. Nd1 Nd5 40. Kf2
Bc2 41. Nb2 Bb3 0-1

[Event "Deutsche Ländermeisterschaft 2013"]
[Site "Hannover GER"]
[Date "2013.10.02"]
[Round "1"]
[White "Sauer, Annika"]
[Black "Rosmait, Emily"]
[Result "0-1"]
[Termination "normal"]
[Board "7.7"]
[WhiteTitle "14w"]
[BlackTitle "16w"]
[WhiteElo "1526"]
[BlackElo "1733"]
[WhiteTeam "Team Nord"]
[BlackTeam "Schleswig-Holstein"]
[WhiteFideId "12952052"]
[BlackFideId "12937754"]
[EventCountry "GER"]
[EventRounds "7"]
[EventType "team-swiss"]
[EventDate "2013.10.02"]

1. d4 Nf6 2. c4 e6 3. Nf3 b6 4. Nc3 Bb4 5. Bd2 Bb7 6. e3 O-O 7. Qc2 Bxc3 8.
Bxc3 Ne4 9. Bd3 f5 10. O-O-O a5 11. a3 d6 12. Rhf1 Nd7 13. Nd2 Ndf6 14. Bxe4
Nxe4 15. f3 Nxc3 16. Qxc3 Rc8 17. Kb1 c5 18. Qb3 d5 19. Rfe1 Re8 20. Qd3 Ba6
21. Rc1 cxd4 22. Qxd4 dxc4 23. Qxd8 Rexd8 24. Red1 Rd3 25. e4 Rcd8 26. Kc2 Bb5
27. b3 cxb3+ 28. Nxb3 fxe4 29. fxe4 a4 30. Na1 Rxd1 31. Rxd1 Rxd1 32. Kxd1 Bc6
33. e5 Bxg2 34. Nc2 Kf7 35. Ne3 Bd5 36. Kc2 Kg6 37. Kc3 Kg5 38. h4+ Kg6 39. Kb4
Bc6 40. Nc4 b5 41. Nd6 Kh5 42. Nxb5 Kxh4 43. Nd4 Bd5 44. Kxa4 g5 0-1

[Event "Deutsche Ländermeisterschaft 2013"]
[Site "Hannover GER"]
[Date "2013.10.02"]
[Round "1"]
[White "Kollars, Dmitrij"]
[Black "Schreiber, Kevin"]
[Result "1-0"]
[Termination "normal"]
[Board "8.1"]
[WhiteTitle "14"]
[BlackTitle "18"]
[WhiteElo "2068"]
[BlackElo "1914"]
[WhiteTeam "Bremen"]
[BlackTeam "Mecklenburg-Vorpommern"]
[WhiteFideId "12909572"]
[BlackFideId "24655830"]
[EventCountry "GER"]
[EventRounds "7"]
[EventType "team-swiss"]
[EventDate "2013.10.02"]

1. e4 c5 2. Nf3 e6 3. d4 cxd4 4. Nxd4 Nc6 5. Nc3 Qc7 6. Be3 a6 7. f4 d6 8. Qf3
Nf6 9. O-O-O Nxd4 10. Bxd4 e5 11. fxe5 dxe5 12. Qg3 Nd7 13. Nd5 Qb8 14. Bb6
Nxb6 15. Nxb6 f6 16. Nxa8 Qxa8 17. Bc4 b5 18. Bd5 Bb7 19. Qg4 Qc8 20. Be6 Qc5
21. Bd7+ 1-0

[Event "Deutsche Ländermeisterschaft 2013"]
[Site "Hannover GER"]
[Date "2013.10.02"]
[Round "1"]
[White "Ispirjan, Mikael"]
[Black "Kardoeus, David"]
[Result "1-0"]
[Termination "normal"]
[Board "8.2"]
[WhiteTitle "18"]
[BlackTitle "16"]
[WhiteElo "1964"]
[BlackElo "1973"]
[WhiteTeam "Mecklenburg-Vorpommern"]
[BlackTeam "Bremen"]
[WhiteFideId "1271217"]
[BlackFideId "12912050"]
[EventCountry "GER"]
[EventRounds "7"]
[EventType "team-swiss"]
[EventDate "2013.10.02"]

1. e4 e5 2. Nf3 Nc6 3. Bb5 a6 4. Ba4 Nf6 5. O-O Be7 6. Re1 b5 7. Bb3 d6 8. c3
O-O 9. h3 Bb7 10. d3 Qd7 11. Nbd2 h6 12. Nf1 Na5 13. Bc2 Nh7 14. Ng3 Ng5 15.
Nf5 Nxf3+ 16. Qxf3 Bg5 17. Qg4 Bc8 18. Bxg5 hxg5 19. Qxg5 g6 20. Re3 Qd8 21.
Qh6 Qf6 22. Rf3 Bxf5 23. exf5 Qg7 24. Qe3 Nc6 25. f6 Qh8 26. Qe4 Na7 27. Bb3
Qh5 28. Rg3 Kh7 29. Bxf7 1-0

[Event "Deutsche Ländermeisterschaft 2013"]
[Site "Hannover GER"]
[Date "2013.10.02"]
[Round "1"]
[White "Kügel, Tobias"]
[Black "Siegert, Gregor"]
[Result "1-0"]
[Termination "normal"]
[Board "8.3"]
[WhiteTitle "18"]
[BlackTitle "16"]
[WhiteElo "2086"]
[BlackElo "1826"]
[WhiteTeam "Bremen"]
[BlackTeam "Mecklenburg-Vorpommern"]
[WhiteFideId "4636295"]
[BlackFideId "1271250"]
[EventCountry "GER"]
[EventRounds "7"]
[EventType "team-swiss"]
[EventDate "2013.10.02"]

1. e4 c5 2. c4 e6 3. Ne2 a6 4. d4 cxd4 5. Nxd4 Nf6 6. Nc3 Qc7 7. f3 Nc6 8. Be3
Bc5 9. Nxe6 dxe6 10. Bxc5 Bd7 11. Qd6 Qxd6 12. Bxd6 Rd8 13. O-O-O Ng8 14. Be2
Nge7 15. Rd2 Bc8 16. Rhd1 f6 17. Bc5 Rxd2 18. Rxd2 Kf7 19. Bb6 g5 20. a3 Ng6
21. b4 Ke7 22. Na4 Nce5 23. Bc5+ Kf7 24. Nb6 h5 25. Be3 Ke7 26. Kb2 Nd7 27.
Nxc8+ Rxc8 28. Kb3 e5 29. c5 Nf4 30. Bf1 Ne6 31. Bc4 Nf4 32. g3 Ne6 33. Bd5 Rc7
34. Ka4 Kf7 35. Rd3 Ke7 36. Kb3 Ndf8 37. Rd1 Rd7 38. Kc3 Rc7 39. Kd3 Rd7 40.
Ke2 Rc7 41. Rf1 Ng6 42. Rc1 Nd8 43. a4 Kd7 44. Rd1 Ke7 45. b5 axb5 46. axb5 Nf8
47. Kd3 Nfe6 48. Kc4 Ke8 49. Kb4 Nf8 50. Ra1 Kd7 51. h4 gxh4 52. gxh4 Ng6 53.
Rg1 Nxh4 54. b6 Rc8 55. Rg7+ Ke8 56. Bxb7 Nxb7 57. Rxb7 Kd8 58. Rh7 1-0

[Event "Deutsche Ländermeisterschaft 2013"]
[Site "Hannover GER"]
[Date "2013.10.02"]
[Round "1"]
[White "Schmekel, Florian"]
[Black "Rockmann, Jan-Okke"]
[Result "1-0"]
[Termination "normal"]
[Board "8.4"]
[WhiteTitle "14"]
[BlackTitle "12"]
[WhiteElo "1714"]
[BlackElo "1783"]
[WhiteTeam "Mecklenburg-Vorpommern"]
[BlackTeam "Bremen"]
[WhiteFideId "12913456"]
[BlackFideId "12942111"]
[EventCountry "GER"]
[EventRounds "7"]
[EventType "team-swiss"]
[EventDate "2013.10.02"]

1. d4 Nf6 2. c4 c5 3. d5 e5 4. Nc3 d6 5. e4 Be7 6. Be2 O-O 7. Nf3 Ne8 8. h3 f5
9. exf5 Bxf5 10. Bd3 g6 11. Be4 Nf6 12. Bxf5 gxf5 13. Ng5 Qd7 14. Ne6 Rf7 15.
Bh6 Ne8 16. Qf3 Na6 17. Nb5 Kh8 18. g4 Nb4 19. O-O-O e4 20. Qe3 Nxd5 21. cxd5
Qxb5 22. gxf5 Rxf5 23. Qg3 Bf6 24. Rd2 Qc4+ 25. Kb1 Rf3 26. Qg4 Ra3 27. bxa3
Qc3 28. Rg1 Qa1+ 29. Kc2 Qxa2+ 30. Kd1 Qb1+ 31. Ke2 Qb5+ 32. Ke1 Qb1+ 33. Qd1
Qb3 34. Qxb3 1-0

[Event "Deutsche Ländermeisterschaft 2013"]
[Site "Hannover GER"]
[Date "2013.10.02"]
[Round "1"]
[White "Wachinger, David"]
[Black "Schumann, Rabea"]
[Result "1-0"]
[Termination "normal"]
[Board "8.5"]
[WhiteTitle "16"]
[BlackTitle "14w"]
[WhiteElo "1792"]
[BlackElo "1562"]
[WhiteTeam "Bremen"]
[BlackTeam "Mecklenburg-Vorpommern"]
[WhiteFideId "24692689"]
[BlackFideId "12918199"]
[EventCountry "GER"]
[EventRounds "7"]
[EventType "team-swiss"]
[EventDate "2013.10.02"]

1. g3 c5 2. Bg2 Nf6 3. c4 g6 4. Nf3 Bg7 5. d4 d6 6. Nc3 O-O 7. O-O Nc6 8. dxc5
dxc5 9. Bf4 Bf5 10. Ne5 Nxe5 11. Bxe5 Ng4 12. Bxg7 Kxg7 13. Qb3 Rb8 14. Rfd1
Qc7 15. e4 Be6 16. Nd5 Bxd5 17. exd5 b6 18. a4 Rfe8 19. Qc3+ Nf6 20. Re1 Rbd8
21. Bh3 Kg8 22. Re2 Rd6 23. Rae1 a6 24. b3 a5 25. Qc1 Kg7 26. Qc3 Kg8 27. Qe5
Nd7 28. Qg5 Nf6 29. f4 Kg7 30. f5 h6 31. Qf4 g5 32. Qe5 Kg8 33. Bg2 Qd7 34. Be4
Nxe4 35. Qxe4 Kg7 36. Qf3 Rf6 37. g4 e6 38. Qc3 Qd6 39. Qe5 Qxe5 40. Rxe5 Re7
41. Kg2 Rd7 42. fxe6 fxe6 43. Rxe6 Rdf7 44. Rxf6 Rxf6 45. Re7+ Kf8 46. Re6 Rxe6
47. dxe6 Ke7 48. Kf3 Kd6 49. Ke4 Kxe6 50. h3 Kd7 51. Kf5 Kd6 52. Kf6 Kd7 53.
Kg6 Ke6 54. Kxh6 Ke5 55. Kxg5 Kd4 56. h4 Kc3 57. h5 Kxb3 58. h6 Kxc4 59. h7 Kb4
60. h8=Q Kxa4 61. Qb2 b5 62. Kf4 c4 63. Ke3 b4 64. Qa2+ Kb5 65. Kd2 a4 66. g5
c3+ 67. Kc2 b3+ 68. Qxb3+ axb3+ 69. Kxb3 1-0

[Event "Deutsche Ländermeisterschaft 2013"]
[Site "Hannover GER"]
[Date "2013.10.02"]
[Round "1"]
[White "Schamber, Dennis"]
[Black "Erofeev, Anastasia"]
[Result "0-1"]
[Termination "normal"]
[Board "8.6"]
[WhiteTitle "12"]
[BlackTitle "20w"]
[WhiteElo "1544"]
[BlackElo "1763"]
[WhiteTeam "Mecklenburg-Vorpommern"]
[BlackTeam "Bremen"]
[WhiteFideId "12952176"]
[BlackFideId "12917915"]
[EventCountry "GER"]
[EventRounds "7"]
[EventType "team-swiss"]
[EventDate "2013.10.02"]

1. d4 d5 2. c4 c6 3. Nc3 e6 4. Nf3 Nf6 5. Bg5 Be7 6. e3 Ne4 7. Nxe4 dxe4 8.
Bxe7 Qxe7 9. Nd2 f5 10. Be2 O-O 11. O-O Nd7 12. c5 Rd8 13. Nc4 Nxc5 14. b4 Nd7
15. Qb3 Nf6 16. a3 Bd7 17. Rac1 Be8 18. Ne5 Nd7 19. Nc4 Bf7 20. Qb2 Nb6 21. Ne5
a6 22. Rfd1 Rd5 23. Bc4 Rdd8 24. Ba2 Nd5 25. g3 Bh5 26. Rd2 Qg5 27. h4 Qe7 28.
Bb3 g5 29. hxg5 Qxg5 30. Bd1 Bxd1 31. Rdxd1 f4 32. exf4 Nxf4 33. Kf1 Nd5 34.
Qe2 Rf8 35. Ke1 e3 36. Nf3 exf2+ 37. Kxf2 Rxf3+ 38. Qxf3 Rf8 39. Qxf8+ Kxf8 40.
Rf1 Ke7 41. Rce1 Qd2+ 42. Kg1 Ne3 0-1

[Event "Deutsche Ländermeisterschaft 2013"]
[Site "Hannover GER"]
[Date "2013.10.02"]
[Round "1"]
[White "Silber, Stefanie"]
[Black "Wagner, Swenja"]
[Result "1-0"]
[Termination "normal"]
[Board "8.7"]
[WhiteTitle "14w"]
[BlackTitle "16w"]
[WhiteElo "1342"]
[BlackElo "1376"]
[WhiteTeam "Bremen"]
[BlackTeam "Mecklenburg-Vorpommern"]
[WhiteFideId "12918245"]
[BlackFideId "12900494"]
[EventCountry "GER"]
[EventRounds "7"]
[EventType "team-swiss"]
[EventDate "2013.10.02"]

1. e4 e5 2. Nf3 Nc6 3. d4 exd4 4. Nxd4 Qh4 5. Nc3 Bb4 6. Ndb5 Ba5 7. Bd2 a6 8.
g3 Qe7 9. Na3 Bxc3 10. Bxc3 Qxe4+ 11. Qe2 Qxe2+ 12. Bxe2 f6 13. O-O Nge7 14.
Bh5+ Ng6 15. Rfe1+ Kd8 16. Rad1 b5 17. Bd2 Bb7 18. Bf3 Nge5 19. Bg2 Kc8 20. Be3
d6 21. c3 Na5 22. Bxb7+ Nxb7 23. Kg2 Nc5 24. Re2 Kb7 25. Bxc5 dxc5 26. Nc2 Rad8
27. Ne3 Rxd1 28. Nxd1 Rd8 29. Ne3 g6 30. f4 Nc6 31. Kf2 b4 32. Rc2 a5 33. Ke2
a4 34. Rd2 Rxd2+ 35. Kxd2 Na5 36. h3 Kc6 37. Kd3 a3 38. bxa3 bxa3 39. Nc2 Nb3
40. axb3 a2 41. Kc4 f5 42. b4 h6 43. h4 h5 44. bxc5 Kb7 45. Kd5 Ka6 46. Nb4+
1-0

[Event "Deutsche Ländermeisterschaft 2013"]
[Site "Hannover GER"]
[Date "2013.10.02"]
[Round "1"]
[White "Eulitz, Charlotte"]
[Black "Sinnhöfer, Lilian"]
[Result "1-0"]
[Termination "normal"]
[Board "8.8"]
[WhiteTitle "12w"]
[BlackTitle "12w"]
[WhiteElo "1056"]
[BlackElo "972"]
[WhiteTeam "Mecklenburg-Vorpommern"]
[BlackTeam "Bremen"]
[WhiteFideId "12964654"]
[BlackFideId "12977586"]
[EventCountry "GER"]
[EventRounds "7"]
[EventType "team-swiss"]
[EventDate "2013.10.02"]

1. e4 e5 2. Nf3 Nc6 3. Bc4 Bc5 4. c3 d6 5. d4 exd4 6. cxd4 Bb4+ 7. Bd2 Bxd2+ 8.
Nbxd2 Bg4 9. Qa4 Bh5 10. Bb5 Qd7 11. d5 Nge7 12. Rc1 Rc8 13. dxc6 bxc6 14. Bxc6
Nxc6 15. Qxc6 Qxc6 16. Rxc6 Bg4 17. e5 Bd7 18. Ra6 Bb5 19. Rxa7 O-O 20. Kd1
dxe5 21. Re1 f6 22. Re3 Rfd8 23. Ke1 Rd7 24. Rea3 Bc6 25. Rc3 Bb5 26. Kd1 e4
27. Ne1 g5 28. a4 Bd3 29. Nxd3 exd3 30. b4 Re7 31. h3 Rce8 32. Rxd3 Rc8 33. Rc3
Rd7 34. Kc2 Kf7 35. b5 Ke6 36. a5 Kd6 37. b6 c6 38. Rd3+ Ke6 39. Rdxd7 c5 40.
Rdc7 Rxc7 41. bxc7 Kd7 42. Nc4 h5 43. Nb6+ Kd6 44. c8=Q Ke5 45. Rd7 Kf5 46.
Rd5+ Kg6 47. Qf5+ Kf7 48. Rd6 Ke7 49. Qxf6+ Ke8 50. Qg7 g4 51. Rc6 Kd8 52. Qd7#
1-0

[Event "Deutsche Ländermeisterschaft 2013"]
[Site "Hannover GER"]
[Date "2013.10.02"]
[Round "1"]
[White "Frischmann, Rick"]
[Black "Hahn, Markus"]
[Result "1/2-1/2"]
[Termination "normal"]
[Board "9.1"]
[WhiteTitle "20"]
[BlackTitle "20"]
[WhiteElo "2230"]
[BlackElo "2239"]
[WhiteTeam "Saarland"]
[BlackTeam "Hessen"]
[WhiteFideId "24660752"]
[BlackFideId "24654647"]
[EventCountry "GER"]
[EventRounds "7"]
[EventType "team-swiss"]
[EventDate "2013.10.02"]

1. d4 Nf6 2. c4 e6 3. g3 d5 4. Nf3 Be7 5. Bg2 O-O 6. O-O dxc4 7. Qc2 b5 8. a4
b4 9. Qxc4 Ba6 10. Qc2 Nbd7 11. Ne5 Nxe5 12. dxe5 Nd5 13. Rd1 Qc8 14. b3 Rd8
15. Bb2 c5 16. Bf1 Nb6 17. Rxd8+ Qxd8 18. a5 Nd7 19. Nd2 Qc7 20. f4 Rd8 21. e3
Bb7 22. Bd3 h6 23. Bh7+ Kh8 24. Be4 Nb8 25. Bxb7 Qxb7 26. Kf2 Qd5 27. Rd1 Nc6
28. a6 Na5 29. e4 Qc6 30. f5 Qxa6 31. f6 Bf8 32. Nf3 Qb6 33. Kg2 Nc6 34. fxg7+
Bxg7 35. Rd6 Kh7 36. Qf2 Kg8 37. g4 Qb5 38. g5 c4 39. gxh6 Bxh6 40. Rxd8+ Nxd8
41. Qh4 c3 42. Qxh6 cxb2 43. Qg5+ Kh7 44. Qh4+ Kg7 45. Qf6+ Kf8 46. Qxd8+ Kg7
47. Qf6+ Kf8 48. Qd8+ Kg7 49. Qf6+ 1/2-1/2

[Event "Deutsche Ländermeisterschaft 2013"]
[Site "Hannover GER"]
[Date "2013.10.02"]
[Round "1"]
[White "Baskin, Robert"]
[Black "Grewenig, Jan"]
[Result "1-0"]
[Termination "normal"]
[Board "9.2"]
[WhiteTitle "14"]
[BlackTitle "18"]
[WhiteElo "2138"]
[BlackElo "2025"]
[WhiteTeam "Hessen"]
[BlackTeam "Saarland"]
[WhiteFideId "24662402"]
[BlackFideId "4657330"]
[EventCountry "GER"]
[EventRounds "7"]
[EventType "team-swiss"]
[EventDate "2013.10.02"]

1. e4 c5 2. Nf3 Nc6 3. d4 cxd4 4. Nxd4 g6 5. c4 Bg7 6. Be3 Nf6 7. Nc3 O-O 8.
Be2 d6 9. O-O Nxd4 10. Bxd4 Be6 11. Rc1 Qa5 12. Be3 Rfc8 13. b3 a6 14. Qd2 b5
15. Nd5 Qxd2 16. Bxd2 Bxd5 17. exd5 Ne4 18. Ba5 Rc5 19. b4 Rcc8 20. cxb5 Nc3
21. Rxc3 Rxc3 22. b6 Ra3 23. b7 Rb8 24. Bxa6 Bc3 25. Rc1 Rxa2 26. g3 1-0